000 00785nas a2200253 4500
001 BR0900337
003 BR-BrBNA
005 20231205113043.0
007 ta
008 230509b bl.|||p| |||| 00| 00por d
040 _aBR-BrBNA
_bpor
_cBiblioteca Nacional de Agricultura
041 _a(Pt)
072 _aH20
100 1 _aTenente, R.C.V.
100 1 _aGonzaga, V.
100 1 _aVilas-Boas, L.
245 1 _aAvaliação de diferentes métodos para extração de cistos de Heterodera glycines de amostras de sementes de soja.
650 _aSOJA
650 _aCISTO
650 _aDOENÇA DE PLANTA
773 0 _tNematologia Brasileira (Brazil)
_xISSN0102-2997
_g(Aug 2007), v. 31(2) p. 72-77
_wBR0900337
909 _a202311
_bLúcia
_c55
_dLúcia Elande
942 _2AGRIS
_n0
_cANA
999 _c201560
_d201560